[Event "Torneo de Otoño C.C.C. 2016"]
[Site "Colmenarejo ESP"]
[Date "2016.10.09"]
[Round "3.4"]
[White "Olmedo Alvarez, Jesus"]
[Black "Serrano Martinez, Francisco Jose"]
[Result "0-1"]
[WhiteElo "1335"]
[BlackElo "1875"]
[PlyCount "78"]
[EventDate "2016.09.25"]
[EventType "swiss"]
[EventRounds "7"]
[EventCountry "ESP"]
[SourceTitle "AeM"]
[Source "lmi"]
[SourceDate "2016.09.25"]

1. d4 Nf6 2. c4 e5 3. dxe5 Ng4 4. Bf4 Nc6 5. Nf3 Bb4+ 6. Nbd2 Qe7 7. e3 Ngxe5
8. a3 Bd6 9. Nxe5 Nxe5 10. Nf3 Nxc4 11. Bxc4 Bxf4 12. Qd4 Bh6 13. O-O d6 14.
Rfe1 O-O 15. e4 Bg4 16. Be2 Rfe8 17. Bd1 g6 18. e5 Bxf3 19. Bxf3 dxe5 20. Qc4
c6 21. a4 Rad8 22. Rad1 Rxd1 23. Bxd1 Rd8 24. Bb3 Rd7 25. Re4 a6 26. Qc3 Bg7
27. Qh3 Qd6 28. g3 Qd3 29. Re3 Qd2 30. Rf3 e4 31. Re3 Re7 32. Qc8+ Bf8 33. Qh3
Qxb2 34. Bc4 Qc1+ 35. Kg2 Qxc4 36. g4 Re5 37. Qh4 Be7 38. Qh6 Bg5 39. Qh3 Bxe3
0-1

[Event "Torneo de Otoño C.C.C. 2016"]
[Site "Colmenarejo ESP"]
[Date "2016.10.09"]
[Round "3.5"]
[White "De Andres Senra, Sergio Ivan"]
[Black "Lopez Perolio, Jorge"]
[Result "0-1"]
[WhiteElo "1642"]
[BlackElo "1931"]
[PlyCount "86"]
[EventDate "2016.09.25"]
[EventType "swiss"]
[EventRounds "7"]
[EventCountry "ESP"]
[SourceTitle "AeM"]
[Source "lmi"]
[SourceDate "2016.09.25"]

1. e4 d5 2. exd5 Qxd5 3. Nc3 Qa5 4. d4 c6 5. Nf3 Nf6 6. Bc4 Bf5 7. Ne5 e6 8.
Bd2 Qb6 9. g4 Qxd4 10. f4 Nxg4 11. Nxg4 Qxc4 12. Qf3 Bxg4 13. Qxg4 Nd7 14.
O-O-O Nf6 15. Qg5 Qc5 16. h4 Qxg5 17. hxg5 Nd5 18. Ne4 Be7 19. c4 Nb4 20. a3
Nd3+ 21. Kc2 Nc5 22. Nf2 Rd8 23. b4 Na4 24. Be3 Nb6 25. Kb3 O-O 26. a4 Rxd1 27.
Rxd1 Rd8 28. Rxd8+ Bxd8 29. Ne4 Nc8 30. b5 cxb5 31. axb5 b6 32. c5 bxc5 33.
Bxc5 Bb6 34. Kc4 h5 35. gxh6 gxh6 36. Nf6+ Kg7 37. Nd7 h5 38. Bf8+ Kg6 39. Ne5+
Kf5 40. Nxf7 Kxf4 41. Bh6+ Kf5 42. Bd2 h4 43. Nh6+ Ke4 0-1

[Event "Torneo de Otoño C.C.C. 2016"]
[Site "Colmenarejo ESP"]
[Date "2016.10.09"]
[Round "3.6"]
[White "Minguez Greciano, Iluminada"]
[Black "Orta Vazquez, Mario"]
[Result "1-0"]
[WhiteElo "1803"]
[BlackElo "1447"]
[PlyCount "70"]
[EventDate "2016.09.25"]
[EventType "swiss"]
[EventRounds "7"]
[EventCountry "ESP"]
[SourceTitle "AeM"]
[Source "lmi"]
[SourceDate "2016.09.25"]

1. c4 Nf6 2. g3 e6 3. Bg2 Be7 4. Nc3 c6 5. e4 d5 6. e5 Nfd7 7. d4 dxc4 8. Nge2
Nb6 9. O-O Nd5 10. a4 b6 11. Qc2 Bb7 12. Qe4 Nd7 13. Qg4 g6 14. Bh6 Bf8 15.
Bxf8 Rxf8 16. Ne4 Qc7 17. Nd6+ Kd8 18. Qh4+ Ne7 19. Nc3 h6 20. Ncb5 cxb5 21.
Nxb7+ Qxb7 22. Bxb7 Rb8 23. Bg2 g5 24. Qe4 b4 25. Rac1 Rc8 26. f4 Nd5 27. f5 c3
28. fxe6 fxe6 29. bxc3 Nxc3 30. Qd3 a5 31. Rxf8+ Nxf8 32. Rf1 Kc7 33. Rf7+ Nd7
34. Qa6 Kd8 35. Bh3 Ne2+ 1-0

[Event "Torneo de Otoño C.C.C. 2016"]
[Site "Colmenarejo ESP"]
[Date "2016.10.09"]
[Round "3.9"]
[White "Dominguez Coig, Alvaro"]
[Black "Olmedo Aznar, Eduardo"]
[Result "1/2-1/2"]
[WhiteElo "1621"]
[BlackElo "1380"]
[PlyCount "71"]
[EventDate "2016.09.25"]
[EventType "swiss"]
[EventRounds "7"]
[EventCountry "ESP"]
[SourceTitle "AeM"]
[Source "lmi"]
[SourceDate "2016.09.25"]

1. e4 e5 2. Nf3 Nc6 3. d4 exd4 4. c3 dxc3 5. Bc4 Qe7 6. O-O d6 7. Nxc3 Be6 8.
Nd5 Qd7 9. Qb3 O-O-O 10. Rd1 Na5 11. Bb5 Nxb3 12. Bxd7+ Rxd7 13. axb3 a6 14.
Be3 Bxd5 15. Rxd5 Nf6 16. Rd4 Ng4 17. Bf4 f6 18. Rad1 g5 19. Bg3 Bg7 20. h3 Ne5
21. Nd2 h5 22. f4 h4 23. Bh2 Nc6 24. Rd5 Nb4 25. Rf5 gxf4 26. Nf3 Rf7 27. Bxf4
Re7 28. Nd2 Nd3 29. Be3 Nxb2 30. Rc1 Nd3 31. Rc3 Ne5 32. Bb6 Nc6 33. Bf2 Ne5
34. Nf1 Nd7 35. Rc4 Ne5 36. Rc3 1/2-1/2

[Event "Torneo de Otoño C.C.C. 2016"]
[Site "Colmenarejo ESP"]
[Date "2016.10.09"]
[Round "3.12"]
[White "Peña Negueruela, Francisco"]
[Black "Lucarelli Nietch, Leonardo"]
[Result "0-1"]
[WhiteElo "1296"]
[BlackElo "1521"]
[PlyCount "64"]
[EventDate "2016.09.25"]
[EventType "swiss"]
[EventRounds "7"]
[EventCountry "ESP"]
[SourceTitle "AeM"]
[Source "lmi"]
[SourceDate "2016.09.25"]

1. e4 d6 2. Nf3 Nf6 3. d3 e6 4. Bg5 Be7 5. Bxf6 Bxf6 6. c3 O-O 7. d4 e5 8. d5
c5 9. c4 Nd7 10. b3 a6 11. Qd2 g6 12. h4 Bg7 13. g4 Nf6 14. g5 Nxe4 15. Qe3
Nxf2 16. Kxf2 e4 17. Nc3 exf3 18. Qxf3 Re8 19. Re1 Rxe1 20. Kxe1 Qa5 21. Kd2
Bxc3+ 22. Qxc3 Qxa2+ 23. Qc2 Qxc2+ 24. Kxc2 Bf5+ 25. Kc3 a5 26. Bg2 Re8 27. Kd2
Bc2 28. Ra1 b6 29. Ra3 Bf5 30. Bf1 Re4 31. h5 gxh5 32. Bd3 Rd4 0-1

[Event "Torneo de Otoño C.C.C. 2016"]
[Site "Colmenarejo ESP"]
[Date "2016.10.16"]
[Round "4.1"]
[White "Garcia  Fernandez, Jose  Luis"]
[Black "Criado Riesgo, Manuel"]
[Result "1/2-1/2"]
[WhiteElo "1789"]
[BlackElo "1642"]
[PlyCount "45"]
[EventDate "2016.09.25"]
[EventType "swiss"]
[EventRounds "7"]
[EventCountry "ESP"]
[SourceTitle "AeM"]
[Source "lmi"]
[SourceDate "2016.09.25"]

1. e4 e5 2. Nc3 Nc6 3. f4 d6 4. Nf3 Bg4 5. Be2 Nf6 6. O-O Be7 7. d3 O-O 8. h3
Bxf3 9. Bxf3 Nd4 10. Be3 Nxf3+ 11. Qxf3 exf4 12. Bxf4 Nd7 13. Qg3 Bh4 14. Qg4
Ne5 15. Bxe5 dxe5 16. Rf5 c6 17. Raf1 g6 18. g3 Be7 19. Kg2 Bd6 20. R5f2 Bc5
21. Rf6 Be7 22. R6f2 Bc5 23. Rf6 1/2-1/2

[Event "Torneo de Otoño C.C.C. 2016"]
[Site "Colmenarejo ESP"]
[Date "2016.10.16"]
[Round "4.2"]
[White "Serrano Martinez, Francisco Jose"]
[Black "Garcia Diaz, Alejandro"]
[Result "1/2-1/2"]
[WhiteElo "1875"]
[BlackElo "1771"]
[PlyCount "35"]
[EventDate "2016.09.25"]
[EventType "swiss"]
[EventRounds "7"]
[EventCountry "ESP"]
[SourceTitle "AeM"]
[Source "lmi"]
[SourceDate "2016.09.25"]

1. e4 c5 2. d4 cxd4 3. c3 Nc6 4. Bc4 Nf6 5. Qe2 Ne5 6. Nf3 Nxc4 7. Qxc4 Nxe4 8.
Qxd4 d5 9. O-O e6 10. Nbd2 Nf6 11. c4 Be7 12. cxd5 Qxd5 13. Nc4 Qxd4 14. Nxd4
O-O 15. Bf4 Nd5 16. Bg3 Bd7 17. Ne3 Rfd8 18. Rac1 1/2-1/2

[Event "Torneo de Otoño C.C.C. 2016"]
[Site "Colmenarejo ESP"]
[Date "2016.10.16"]
[Round "4.3"]
[White "Mataix Fernandez, Ricardo"]
[Black "Melcon Diez, Enrique"]
[Result "1-0"]
[WhiteElo "1807"]
[BlackElo "1641"]
[PlyCount "56"]
[EventDate "2016.09.25"]
[EventType "swiss"]
[EventRounds "7"]
[EventCountry "ESP"]
[SourceTitle "AeM"]
[Source "lmi"]
[SourceDate "2016.09.25"]

1. e4 c5 2. Nf3 g6 3. Bc4 Bg7 4. O-O Nc6 5. c3 d6 6. h3 Nf6 7. Re1 O-O 8. d4
cxd4 9. cxd4 Nxe4 10. d5 Nxf2 11. Kxf2 Qb6+ 12. Kf1 Ne5 13. Nxe5 Bxe5 14. Nc3
Bf5 15. Qe2 Rfc8 16. Bd3 Bg7 17. Bxf5 gxf5 18. Be3 Qb4 19. Rad1 Rc4 20. a3 Qb3
21. Rd4 Rac8 22. Red1 Rxc3 23. bxc3 Rxc3 24. R4d3 Qxa3 25. Rxc3 Qxc3 26. Bxa7
b5 27. Qxb5 Qc2 28. Qd3 Qa4 1-0

[Event "Torneo de Otoño C.C.C. 2016"]
[Site "Colmenarejo ESP"]
[Date "2016.10.16"]
[Round "4.5"]
[White "Peña Hernandez, Francisco"]
[Black "Urruti Diaz, Anibal Agustin"]
[Result "1-0"]
[WhiteElo "1393"]
[BlackElo "1741"]
[PlyCount "81"]
[EventDate "2016.09.25"]
[EventType "swiss"]
[EventRounds "7"]
[EventCountry "ESP"]
[SourceTitle "AeM"]
[Source "lmi"]
[SourceDate "2016.09.25"]

1. d4 e6 2. Nf3 Nf6 3. c4 d6 4. Nc3 Nc6 5. h3 h6 6. Bf4 a6 7. e3 d5 8. a3 dxc4
9. Bxc4 Nd5 10. Bg3 Nxc3 11. bxc3 Bd7 12. a4 Na5 13. Bd3 c5 14. O-O c4 15. Bc2
b5 16. axb5 Bxb5 17. Ba4 Bd6 18. Bxd6 Qxd6 19. e4 Nb3 20. Bxb5+ Ke7 21. Bxc4
Nxa1 22. Qxa1 Rhc8 23. Bd3 a5 24. Rb1 Ra7 25. Nd2 a4 26. Nc4 Qc7 27. Qa3+ Kf6
28. e5+ Kg5 29. Qc1+ Kh5 30. Qf4 f5 31. g4+ Kg6 32. gxf5+ Kf7 33. fxe6+ Kxe6
34. Bf5+ Ke7 35. Bxc8 Qxc4 36. Qg4 Kd8 37. Rb7 Rxb7 38. Bxb7 a3 39. Qf3 a2 40.
Qf8+ Kd7 41. Qd6+ 1-0

[Event "Torneo de Otoño C.C.C. 2016"]
[Site "Colmenarejo ESP"]
[Date "2016.10.16"]
[Round "4.7"]
[White "Lucarelli Nietch, Leonardo"]
[Black "Dominguez Coig, Alvaro"]
[Result "0-1"]
[WhiteElo "1521"]
[BlackElo "1621"]
[PlyCount "62"]
[EventDate "2016.09.25"]
[EventType "swiss"]
[EventRounds "7"]
[EventCountry "ESP"]
[SourceTitle "AeM"]
[Source "lmi"]
[SourceDate "2016.09.25"]

1. c4 Nf6 2. Nc3 e6 3. d3 b6 4. Nf3 Bb7 5. e3 Be7 6. Be2 c5 7. O-O O-O 8. Qc2
Qc7 9. e4 Ng4 10. h3 Ne5 11. Nb5 Nxf3+ 12. Bxf3 Qe5 13. Qc3 Nc6 14. Bd2 a6 15.
Na3 Nd4 16. Bd1 f5 17. f4 Qc7 18. Nc2 Bf6 19. e5 Qc6 20. Ne3 Be7 21. Bf3 Qc7
22. Kh2 Bxf3 23. gxf3 Ne2 24. Qb3 Bh4 25. Ng2 Bg3+ 26. Kh1 g5 27. Qd1 Nxf4 28.
Nxf4 gxf4 29. Be1 Qxe5 30. Bxg3 fxg3 31. f4 Qxb2 0-1

[Event "Torneo de Otoño C.C.C. 2016"]
[Site "Colmenarejo ESP"]
[Date "2016.10.16"]
[Round "4.8"]
[White "Olmedo Aznar, Eduardo"]
[Black "Olmedo Alvarez, Jesus"]
[Result "1/2-1/2"]
[WhiteElo "1380"]
[BlackElo "1335"]
[PlyCount "90"]
[EventDate "2016.09.25"]
[EventType "swiss"]
[EventRounds "7"]
[EventCountry "ESP"]
[SourceTitle "AeM"]
[Source "lmi"]
[SourceDate "2016.09.25"]

1. d4 Nf6 2. c4 g6 3. Nc3 Bg7 4. e4 d6 5. Nf3 Nbd7 6. Be2 O-O 7. O-O a6 8. h3
Re8 9. Bg5 e5 10. d5 Bf8 11. Qd2 c6 12. Nh2 Nc5 13. Bxf6 Qxf6 14. b4 Nd7 15.
Ng4 Qg7 16. f4 Nf6 17. Nxf6+ Qxf6 18. fxe5 Qxe5 19. Qf4 Qxf4 20. Rxf4 Bg7 21.
Rc1 Bh6 22. Rcf1 Bxf4 23. Rxf4 Bd7 24. Rf6 Rad8 25. Rxd6 Kg7 26. Bf3 Bc8 27.
Rxd8 Rxd8 28. a4 f6 29. c5 h5 30. d6 Kh6 31. Kf2 g5 32. g4 h4 33. a5 Kg7 34.
Na4 Be6 35. Ke3 Bc4 36. Bg2 Kf7 37. Kd4 Be6 38. Nb6 Kg6 39. Bf1 Kf7 40. Bc4
Bxc4 41. Nxc4 Ke6 42. Ne3 Re8 43. Nf5 Kd7 44. Ne3 Ke6 45. Nf5 Kd7 1/2-1/2

[Event "Torneo de Otoño C.C.C. 2016"]
[Site "Colmenarejo ESP"]
[Date "2016.10.16"]
[Round "4.10"]
[White "Vazquez Rodriguez, Maria Elena"]
[Black "Mataix Serrano, Ricardo"]
[Result "1-0"]
[WhiteElo "1578"]
[BlackElo "1229"]
[PlyCount "29"]
[EventDate "2016.09.25"]
[EventType "swiss"]
[EventRounds "7"]
[EventCountry "ESP"]
[SourceTitle "AeM"]
[Source "lmi"]
[SourceDate "2016.09.25"]

1. d4 d5 2. c4 dxc4 3. Nc3 g6 4. e3 Be6 5. d5 Bc8 6. Bxc4 c6 7. Qf3 cxd5 8.
Nxd5 e6 9. Nc3 Qf6 10. Bb5+ Bd7 11. Qxb7 Bxb5 12. Nxb5 Qe5 13. Nc7+ Kd8 14.
Nxa8 Bb4+ 15. Qxb4 1-0

[Event "Torneo de Otoño C.C.C. 2016"]
[Site "Colmenarejo ESP"]
[Date "2016.10.16"]
[Round "4.13"]
[White "Bahillo Vallejo, Ignacio"]
[Black "Alonso Saiz, Luis"]
[Result "0-1"]
[WhiteElo "1303"]
[BlackElo "1419"]
[PlyCount "74"]
[EventDate "2016.09.25"]
[EventType "swiss"]
[EventRounds "7"]
[EventCountry "ESP"]
[SourceTitle "AeM"]
[Source "lmi"]
[SourceDate "2016.09.25"]

1. Nf3 Nf6 2. d4 d5 3. Bg5 Nbd7 4. Bxf6 Nxf6 5. Nc3 e6 6. a3 c6 7. e3 Bd6 8.
Bd3 O-O 9. O-O Qc7 10. Re1 Re8 11. e4 e5 12. exd5 cxd5 13. dxe5 Bxe5 14. Bb5
Bxc3 15. Rxe8+ Nxe8 16. Bxe8 Be6 17. Bxf7+ Bxf7 18. bxc3 Qxc3 19. Rb1 Qc7 20.
g3 a6 21. Qd4 Re8 22. Ng5 b5 23. Nxf7 Qxf7 24. Qb6 Qe6 25. Qd4 Qe4 26. Qb6 Qxc2
27. Ra1 Qc3 28. Rd1 Qxa3 29. Rxd5 Qf3 30. Rd8 Rxd8 31. Qxd8+ Qf8 32. Qa5 Qd6
33. Kg2 Kf7 34. h4 g6 35. Kh3 h5 36. f3 Qc6 37. f4 Qh1# 0-1

[Event "Torneo de Otoño C.C.C. 2016"]
[Site "Colmenarejo ESP"]
[Date "2016.10.23"]
[Round "5.1"]
[White "Garcia Diaz, Alejandro"]
[Black "Garcia  Fernandez, Jose  Luis"]
[Result "1-0"]
[WhiteElo "1771"]
[BlackElo "1789"]
[PlyCount "81"]
[EventDate "2016.09.25"]
[EventType "swiss"]
[EventRounds "7"]
[EventCountry "ESP"]
[SourceTitle "AeM"]
[Source "lmi"]
[SourceDate "2016.09.25"]

1. e4 e5 2. Nf3 d5 3. Nc3 d4 4. Ne2 Bd6 5. Ng3 Nf6 6. c3 c5 7. Bb5+ Nc6 8. O-O
Qc7 9. d3 a6 10. Ba4 b5 11. Bc2 h6 12. Nh4 Ne7 13. cxd4 cxd4 14. Bb3 Bg4 15. f3
Bd7 16. Bd2 O-O 17. Rc1 Qb6 18. f4 exf4 19. Nh5 Be5 20. Bb4 Rfe8 21. Bc5 Qb8
22. Nxf6+ Bxf6 23. Qh5 Be6 24. Bxe6 fxe6 25. Qg4 Bxh4 26. Qxh4 Ng6 27. Qh5 Kh7
28. Bxd4 Qd6 29. Qc5 Qxc5 30. Bxc5 e5 31. Bf2 Red8 32. Rfd1 Rd6 33. d4 exd4 34.
Rxd4 Rxd4 35. Bxd4 Re8 36. Rc7 Re7 37. Rxe7 Nxe7 38. h4 g5 39. hxg5 hxg5 40.
Bf6 Nc6 41. Bxg5 1-0

[Event "Torneo de Otoño C.C.C. 2016"]
[Site "Colmenarejo ESP"]
[Date "2016.10.23"]
[Round "5.2"]
[White "Criado Riesgo, Manuel"]
[Black "Minguez Greciano, Iluminada"]
[Result "1-0"]
[WhiteElo "1642"]
[BlackElo "1803"]
[PlyCount "112"]
[EventDate "2016.09.25"]
[EventType "swiss"]
[EventRounds "7"]
[EventCountry "ESP"]
[SourceTitle "AeM"]
[Source "lmi"]
[SourceDate "2016.09.25"]

1. d4 d5 2. c4 e6 3. Nc3 c6 4. cxd5 exd5 5. Nf3 Nf6 6. Bg5 Be7 7. e3 Bg4 8. Be2
Nbd7 9. O-O O-O 10. Rc1 Re8 11. h3 Bxf3 12. Bxf3 Nf8 13. Bxf6 Bxf6 14. Qb3 Re7
15. Ne2 Ne6 16. Ng3 g6 17. Rfd1 Bh4 18. Nf1 f5 19. Nd2 Kg7 20. g3 Bf6 21. Bg2
Qd7 22. Nf3 Nd8 23. Qc2 Nf7 24. h4 Nd6 25. Nd2 Rae8 26. Qc5 a6 27. b3 Nb5 28.
a4 Nc7 29. Nf3 Ne6 30. Qc2 Nd8 31. Qc5 Nf7 32. Rc2 Nd6 33. Nd2 Re6 34. Rdc1 Qf7
35. Nf1 Ne4 36. Bxe4 fxe4 37. Nh2 Be7 38. Qc3 Qf5 39. Qe1 Bd6 40. Qe2 Rf8 41.
Qg4 Qf7 42. Qe2 Rf6 43. Rf1 h5 44. Rfc1 Kh6 45. Rf1 g5 46. hxg5+ Kxg5 47. Rfc1
Kh6 48. Kg2 Rg8 49. Rh1 Kg7 50. Nf1 Rh6 51. Rh4 Kf8 52. Kh1 Qe6 53. Rxh5 Rgh8
54. g4 Rxh5+ 55. gxh5 Qh3+ 56. Kg1 Rg8+ 1-0

[Event "Torneo de Otoño C.C.C. 2016"]
[Site "Colmenarejo ESP"]
[Date "2016.10.23"]
[Round "5.3"]
[White "Mataix Fernandez, Ricardo"]
[Black "Serrano Martinez, Francisco Jose"]
[Result "0-1"]
[WhiteElo "1807"]
[BlackElo "1875"]
[PlyCount "50"]
[EventDate "2016.09.25"]
[EventType "swiss"]
[EventRounds "7"]
[EventCountry "ESP"]
[SourceTitle "AeM"]
[Source "lmi"]
[SourceDate "2016.09.25"]

1. d4 Nf6 2. Nf3 c5 3. e3 e6 4. Bd3 d5 5. c3 Bd6 6. Nbd2 Nc6 7. O-O O-O 8. h3
e5 9. e4 exd4 10. exd5 Nxd5 11. Nc4 Be7 12. Nce5 Nxe5 13. Nxe5 Bf6 14. cxd4
cxd4 15. Ng4 Be6 16. Bd2 Rc8 17. f4 Bxg4 18. hxg4 Ne3 19. Qf3 Nxf1 20. Rxf1 g6
21. g5 Be7 22. Qh3 f5 23. g4 Qd7 24. gxf5 Rxf5 25. Rf2 Rxg5+ 0-1

[Event "Torneo de Otoño C.C.C. 2016"]
[Site "Colmenarejo ESP"]
[Date "2016.10.23"]
[Round "5.4"]
[White "Martin Andres, Carlos"]
[Black "Peña Hernandez, Francisco"]
[Result "1-0"]
[WhiteElo "1507"]
[BlackElo "1393"]
[PlyCount "27"]
[EventDate "2016.09.25"]
[EventType "swiss"]
[EventRounds "7"]
[EventCountry "ESP"]
[SourceTitle "AeM"]
[Source "lmi"]
[SourceDate "2016.09.25"]

1. e4 e5 2. Nf3 d6 3. Bc4 h6 4. O-O Nf6 5. Nc3 c6 6. Qe2 Bg4 7. Qe3 Bh5 8. Qd3
Nbd7 9. Nh4 Nc5 10. Qe3 Ng4 11. Qg3 Be7 12. Nf5 O-O 13. f3 Nf6 14. Qxg7# 1-0

[Event "Torneo de Otoño C.C.C. 2016"]
[Site "Colmenarejo ESP"]
[Date "2016.10.23"]
[Round "5.6"]
[White "Blanco Ruiz, Cesar"]
[Black "Lopez Perolio, Jorge"]
[Result "0-1"]
[WhiteElo "1539"]
[BlackElo "1931"]
[PlyCount "61"]
[EventDate "2016.09.25"]
[EventType "swiss"]
[EventRounds "7"]
[EventCountry "ESP"]
[SourceTitle "AeM"]
[Source "lmi"]
[SourceDate "2016.09.25"]

1. d4 g6 2. e4 Bg7 3. Be3 c5 4. c3 cxd4 5. cxd4 Nf6 6. Nc3 O-O 7. e5 Ne8 8. Bc4
d6 9. f4 Nc6 10. Qd2 Bf5 11. Nf3 Nb4 12. Rc1 Rc8 13. Be2 dxe5 14. fxe5 Nc7 15.
O-O Nbd5 16. Bh6 Nxc3 17. Rxc3 Nd5 18. Rxc8 Qxc8 19. Rc1 Qd7 20. Rc5 a6 21. h3
b6 22. Rc1 a5 23. Ba6 Rd8 24. Bxg7 Kxg7 25. a3 h6 26. Bc4 Be6 27. Bd3 Bf5 28.
Bxf5 Qxf5 29. Rc6 Rc8 30. Rxc8 Qxc8 31. h4 0-1

[Event "Torneo de Otoño C.C.C. 2016"]
[Site "Colmenarejo ESP"]
[Date "2016.10.23"]
[Round "5.8"]
[White "Alonso Saiz, Luis"]
[Black "De Andres Senra, Sergio Ivan"]
[Result "0-1"]
[WhiteElo "1419"]
[BlackElo "1642"]
[PlyCount "118"]
[EventDate "2016.09.25"]
[EventType "swiss"]
[EventRounds "7"]
[EventCountry "ESP"]
[SourceTitle "AeM"]
[Source "lmi"]
[SourceDate "2016.09.25"]

1. e4 c6 2. d4 d5 3. exd5 cxd5 4. Bd3 Nf6 5. c3 Bg4 6. Qb3 Qc7 7. Ne2 Nbd7 8.
O-O e6 9. Bf4 Qb6 10. Nd2 Be7 11. Rfe1 Bh5 12. Ng3 Bg6 13. Qxb6 Nxb6 14. Bxg6
hxg6 15. b3 Rc8 16. Ne2 Ba3 17. Rab1 Be7 18. Be5 O-O 19. Rbc1 Rfd8 20. Red1 Bd6
21. Nf3 Ng4 22. Bxd6 Rxd6 23. h3 Nf6 24. Ne5 Nfd7 25. f4 Nxe5 26. fxe5 Rdc6 27.
Rd3 f5 28. Nf4 g5 29. Ne2 f4 30. Rf3 Rf8 31. Rcf1 Rcc8 32. g3 fxg3 33. Rxg3
Rxf1+ 34. Kxf1 Rf8+ 35. Kg2 Rf5 36. Rg4 Kh7 37. Ng3 Rf4 38. Rxf4 gxf4 39. Nh5
g5 40. Nf6+ Kg6 41. Kf3 Kf5 42. Ne8 Kg6 43. Nd6 a5 44. Nxb7 a4 45. Nc5 axb3 46.
axb3 Kf5 47. Nd3 Nc8 48. Nb2 Na7 49. c4 Nc6 50. b4 Nxd4+ 51. Kf2 Kxe5 52. b5
dxc4 53. Nxc4+ Kd5 54. Nd2 Nxb5 55. Nf3 Nc3 56. Nxg5 Ne4+ 57. Nxe4 Kxe4 58. h4
Kf5 59. Kf3 e5 0-1

[Event "Torneo de Otoño C.C.C. 2016"]
[Site "Colmenarejo ESP"]
[Date "2016.10.23"]
[Round "5.9"]
[White "Melcon Diez, Enrique"]
[Black "Almodovar Manzanares, Vicente"]
[Result "1-0"]
[WhiteElo "1641"]
[BlackElo "1432"]
[PlyCount "101"]
[EventDate "2016.09.25"]
[EventType "swiss"]
[EventRounds "7"]
[EventCountry "ESP"]
[SourceTitle "AeM"]
[Source "lmi"]
[SourceDate "2016.09.25"]

1. c4 f5 2. Nc3 e6 3. g3 Nf6 4. Bg2 Be7 5. Nh3 O-O 6. Nf4 e5 7. Nfd5 c6 8.
Nxe7+ Qxe7 9. d4 d6 10. O-O e4 11. Bf4 Nh5 12. Bd2 f4 13. Nxe4 fxg3 14. fxg3
Rxf1+ 15. Qxf1 Bh3 16. Bb4 Bxg2 17. Qxg2 Nf6 18. Nxd6 Nbd7 19. e4 Rf8 20. a3
Rb8 21. Nxb7 Qxe4 22. Qxe4 Nxe4 23. Nc5 Ndxc5 24. dxc5 a5 25. Bxa5 Rxb2 26. Bb4
Rc2 27. Rd1 Rxc4 28. Rd8+ Kf7 29. Rc8 Ke6 30. Rxc6+ Kd7 31. Ra6 Nxc5 32. Ra7+
Kc6 33. Rxg7 Rc1+ 34. Kg2 Rc2+ 35. Kh3 Ne4 36. g4 Nf2+ 37. Kh4 Ne4 38. h3 Nf6
39. Rf7 Rf2 40. Be7 Nxg4 41. Rxf2 Nxf2 42. a4 Ne4 43. Kh5 Nc3 44. a5 Nd5 45.
Bd8 Nf4+ 46. Kg4 Ne6 47. Bb6 h6 48. h4 Ng7 49. Kf4 Kb7 50. Ke5 Kc6 51. Kf6 1-0

[Event "Torneo de Otoño C.C.C. 2016"]
[Site "Colmenarejo ESP"]
[Date "2016.10.23"]
[Round "5.10"]
[White "Rodriguez Gomez, Jose"]
[Black "Olmedo Aznar, Eduardo"]
[Result "1/2-1/2"]
[WhiteElo "1589"]
[BlackElo "1380"]
[PlyCount "93"]
[EventDate "2016.09.25"]
[EventType "swiss"]
[EventRounds "7"]
[EventCountry "ESP"]
[SourceTitle "AeM"]
[Source "lmi"]
[SourceDate "2016.09.25"]

1. e4 Nf6 2. Nc3 e5 3. Nf3 Nc6 4. Bc4 Bc5 5. d3 d6 6. Bg5 h6 7. Bh4 Be6 8. Nd5
Bxd5 9. Bxd5 Qd7 10. Bxf6 gxf6 11. Nh4 Ne7 12. Bb3 h5 13. Qf3 Rh6 14. O-O-O Qg4
15. Qg3 Qxg3 16. fxg3 Rh7 17. Rhf1 Be3+ 18. Kb1 Bg5 19. Nf5 Nxf5 20. Rxf5 Ke7
21. h4 Be3 22. Rdf1 Rh6 23. R1f3 Bg1 24. c3 Rg8 25. Bd1 Bh2 26. d4 Bxg3 27.
dxe5 dxe5 28. Rd3 Bxh4 29. Rh3 Bg5 30. Bxh5 Rgh8 31. g4 Rd8 32. Rf2 Rd1+ 33.
Kc2 Re1 34. Kd3 Rd1+ 35. Kc2 Rd6 36. Rd2 Rh8 37. Rdd3 Rhd8 38. Rxd6 Rxd6 39. c4
Rd4 40. b3 c5 41. Kc3 a5 42. Kc2 b6 43. a4 Ke6 44. Kc3 Rd1 45. Kc2 Rc1+ 46. Kb2
Rd1 47. Kc2 1/2-1/2

[Event "Torneo de Otoño C.C.C. 2016"]
[Site "Colmenarejo ESP"]
[Date "2016.10.23"]
[Round "5.11"]
[White "Olmedo Alvarez, Jesus"]
[Black "Vazquez Rodriguez, Maria Elena"]
[Result "1-0"]
[WhiteElo "1335"]
[BlackElo "1578"]
[PlyCount "75"]
[EventDate "2016.09.25"]
[EventType "swiss"]
[EventRounds "7"]
[EventCountry "ESP"]
[SourceTitle "AeM"]
[Source "lmi"]
[SourceDate "2016.09.25"]

1. d4 Nf6 2. c4 g6 3. Nc3 d6 4. e4 Bg7 5. Nf3 O-O 6. Bd3 Nc6 7. a3 e5 8. d5 Ne7
9. h3 c6 10. O-O Qb6 11. Na4 Qc7 12. Be3 Bd7 13. Rc1 c5 14. b4 b6 15. Nc3 Nh5
16. Ne2 f5 17. Bg5 Nf6 18. Bxf6 Rxf6 19. Ng3 f4 20. Ne2 Raf8 21. Kh2 Bh6 22.
Neg1 g5 23. g4 fxg3+ 24. fxg3 g4 25. Nh4 Bxc1 26. Qxc1 Rf2+ 27. Kh1 Rxf1 28.
Bxf1 Ng6 29. Be2 gxh3 30. Qg5 Kg7 31. Nxg6 hxg6 32. Bh5 Rf6 33. Nf3 Qd8 34.
Bxg6 Kf8 35. Qh6+ Kg8 36. Qh7+ Kf8 37. Qh8+ Ke7 38. Qg7+ 1-0

[Event "Torneo de Otoño C.C.C. 2016"]
[Site "Colmenarejo ESP"]
[Date "2016.10.23"]
[Round "5.15"]
[White "Peña Negueruela, Francisco"]
[Black "Guerra Pantojo, Daniel"]
[Result "0-1"]
[WhiteElo "1296"]
[BlackElo "1275"]
[PlyCount "112"]
[EventDate "2016.09.25"]
[EventType "swiss"]
[EventRounds "7"]
[EventCountry "ESP"]
[SourceTitle "AeM"]
[Source "lmi"]
[SourceDate "2016.09.25"]

1. d4 d5 2. c4 c6 3. c5 g6 4. Nf3 Bg7 5. b4 b5 6. Bg5 h6 7. Bf4 Nd7 8. h3 Ngf6
9. Ne5 Nxe5 10. Bxe5 O-O 11. e3 Ne4 12. Bxg7 Kxg7 13. Qf3 Qe8 14. Bd3 f5 15.
O-O e5 16. Bxe4 fxe4 17. Qe2 exd4 18. exd4 Qe7 19. Qe3 a5 20. Nd2 axb4 21. a3
bxa3 22. f3 b4 23. fxe4 Rxf1+ 24. Rxf1 dxe4 25. Nxe4 Bf5 26. Qb3 Qxe4 27. Qxb4
a2 28. Qb7+ Kf6 29. Qxa8 Qxd4+ 30. Kh1 Qxc5 31. Qxa2 Kg5 32. Qd2+ Kf6 33. Qxh6
Qc4 34. Qf8+ Kg5 35. Qe7+ Kh5 36. g4+ Kh6 37. gxf5 Qxf1+ 38. Kh2 Qxf5 39. Qe3+
g5 40. h4 Qc2+ 41. Kg3 Qf5 42. hxg5+ Qxg5+ 43. Kf3 Kg6 44. Qe6+ Qf6+ 45. Qxf6+
Kxf6 46. Ke4 Ke6 47. Kd4 Kd6 48. Kc4 c5 49. Kc3 Kd5 50. Kd3 c4+ 51. Kc3 Kc5 52.
Kc2 Kd4 53. Kd2 c3+ 54. Kc2 Kc4 55. Kd1 Kd3 56. Kc1 c2 0-1